[Event "N4 Rodez-Blaye"]
[Site "Blaye"]
[Date "2006.12.01"]
[Round "4"]
[White "Valade, Patrick"]
[Black "Besset, Thierry"]
[Result "0-1"]
[WhiteElo "1620"]
[BlackElo "1830"]
[EventDate "2006.??.??"]
[PlyCount "88"]

1.e4 e5 2.Nf3 Nc6 3.d4 exd4 4.Nxd4 Bc5 
    ( 4...Ne5 5.Nb3 )
5.Nb3 Bb6 6.Bc4 Nf6 7.O-O O-O 8.Nc3 Ne5 9.Be2 c6 10.Bg5 h6 11.Bh4 Ng6 12.
Bg3 Re8 13.Bd3 d6 14.Kh1 h5 15.f3 h4 16.Bf2 h3 17.g3 Ne5 18.Bxb6 axb6 19.
Be2 b5 20.Nd2 b4 21.Ncb1 d5 22.f4 Neg4 23.e5 Ne3 24.Qe1 Nh7 25.Bd3 Nxf1 
26.Qxf1 c5 27.Nf3 c4 28.Bxh7+ Kxh7 29.Ng5+ Kg8 30.Nxh3 b5 31.Nf2 Bb7 32.
Kg1 Qb6 33.a3 Qe3 34.c3 b3 35.Qd1 d4 36.cxd4 Red8 37.Nc3 Rxd4 38.Qe2 Qxe2 
39.Nxe2 Rd2 40.Nc3 Bc6 41.Rb1 Rad8 42.Nce4 Bxe4 43.Nxe4 Rd1+ 44.Rxd1 Rxd1+
0-1

[Event "N4 Rodez-Blaye"]
[Site "Blaye"]
[Date "2006.12.01"]
[Round "4"]
[White "Tanguy, Fabien"]
[Black "Arlabosse, Nicolas"]
[Result "1-0"]
[WhiteElo "2070"]
[BlackElo "1857"]
[EventDate "2006.??.??"]
[PlyCount "101"]

1.Nf3 d5 2.c4 e6 3.cxd5 exd5 4.Nc3 Nf6 5.g3 c6 6.d4 h6 7.Qc2 Bd6 8.Bg2 Bg4
9.O-O Qc8 10.e4 dxe4 11.Nxe4 Nxe4 12.Qxe4+ Qe6 13.Ne5 Bf5 14.Qf3 O-O 15.
Re1 Nd7 16.Bd2 Nxe5 17.dxe5 Bxe5 18.Bc3 f6 19.Qh5 Bg4 20.Qh4 Qf5 21.h3 Bf3
22.Qc4+ Bd5 23.Bxd5+ cxd5 24.Qxd5+ Kh8 25.Rad1 Qxh3 26.Qxb7 Rfb8 27.Qd5 
Bc7 28.Qc6 Bb6 29.Qf3 Re8 30.a4 Rad8 31.a5 Rxd1 32.Rxd1 Bc5 33.b4 Bf8 34.
b5 Qe6 35.Bd4 Qd7 36.Qh5 Rd8 37.Rd2 Bb4 38.Bc3 Bd6 39.Qd1 Qc7 40.Bb4 Be7 
41.b6 axb6 42.axb6 Rxd2 43.Qxd2 Qb7 44.Bxe7 Qxe7 45.Qd5 Qe1+ 46.Kg2 Qb1 
47.b7 Kh7 48.Qc6 h5 49.Qc8 Qe4+ 50.Kh2 Qf3 51.Qc2+ 1-0

[Event "N4 Rodez-Blaye"]
[Site "Blaye"]
[Date "2006.12.01"]
[Round "4"]
[White "Ollé, JPierre"]
[Black "Nghiem, Luat"]
[Result "1/2-1/2"]
[WhiteElo "1750"]
[BlackElo "2040"]
[EventDate "2006.??.??"]
[PlyCount "135"]

1.e4 c6 2.d4 d5 3.exd5 cxd5 4.Bd3 Nc6 5.c3 Nf6 6.Nf3 g6 7.Nbd2 Bg7 8.Qc2 
Bd7 9.O-O O-O 10.Re1 Re8 11.h3 Rc8 12.a3 Qc7 13.Nf1 a6 14.Ng3 b5 15.Bd2 
Qb6 16.Qd1 a5 17.Ne5 Be6 18.Nxc6 Rxc6 19.Rc1 Rec8 20.Qb3 Ne4 21.Qd1 Nxd2 
22.Qxd2 b4 23.axb4 axb4 24.Ne2 bxc3 25.bxc3 Qc7 26.Rb1 Rb8 27.Rxb8+ Qxb8 
28.Rb1 Rb6 29.Rxb6 Qxb6 30.Qa2 Bh6 31.Kf1 Qc7 32.Kg1 Kg7 33.Kf1 Bg5 34.Kg1
h5 35.Qb2 Bf6 36.Qd2 Kh7 37.Qe3 Bg7 38.Qd2 Bh6 39.Qb2 Kg7 40.Qc2 Bd7 41.
Qb3 Bc6 42.c4 dxc4 43.Bxc4 e6 44.d5 exd5 45.Bxd5 Bxd5 46.Qxd5 Qe7 47.Kf1 
Bg5 48.Ng3 Qd8 49.Qb3 Qd4 50.Ke1 Be7 51.Qd1 Qc4 52.Ne2 Qe4 53.Qd4+ Qxd4 
54.Nxd4 Kf6 55.Ke2 Bc5 56.Nc2 Ke5 57.f3 Kf4 58.Ne1 Kg3 59.Kf1 f5 60.Nd3 
Bd6 61.Nf2 Kf4 62.Ke2 Kg3 63.Kf1 Bc5 64.Nd3 Bd4 65.Ne1 g5 66.Nd3 Bc3 67.
Nc1 Ba5 68.Ne2+ 1/2-1/2

[Event "N4 Rodez-Blaye"]
[Site "Blaye"]
[Date "2006.12.01"]
[Round "4"]
[White "Nenert, Louis"]
[Black "Valat, Jean-Marie"]
[Result "1-0"]
[WhiteElo "1750"]
[BlackElo "1710"]
[EventDate "2006.??.??"]
[PlyCount "49"]

1.e4 c5 2.Nf3 e6 3.d3 Nc6 4.Nbd2 Nge7 5.g3 b6 6.Bg2 Bb7 7.O-O Ng6 8.Re1 
Be7 9.Nf1 O-O 10.h4 Nd4 11.Nxd4 cxd4 12.f4 f5 13.exf5 Bxg2 14.fxg6 Bxf1 
15.gxh7+ Kxh7 16.Qh5+ Kg8 17.Rxf1 Rf6 18.f5 Qc7 19.Bf4 Rxf5 20.Qxf5 exf5 
21.Bxc7 Rc8 22.Rae1 Bf6 23.Be5 Bxe5 24.Rxe5 Rxc2 25.Rexf5 
    ( 25.Rfxf5 Rxb2 26.Re7 )
1-0

[Event "N4 Rodez-Blaye"]
[Site "Blaye"]
[Date "2006.12.01"]
[Round "4"]
[White "Gayraud, Christian"]
[Black "Cremers, Bertrand"]
[Result "0-1"]
[WhiteElo "1490"]
[BlackElo "1510"]
[EventDate "2006.??.??"]
[PlyCount "74"]

1.e4 e5 2.Nf3 Nf6 3.Bc4 Bc5 4.Nc3 d6 5.d4 exd4 6.Nxd4 O-O 7.O-O c6 8.Bg5 
h6 9.Bh4 Nbd7 10.Nf3 Nb6 11.Bd3 Be6 12.a3 Nc8 13.Na4 Bb6 14.Nxb6 Nxb6 15.
c3 g5 16.Bg3 Nh5 17.Qe2 Nxg3 18.fxg3 Nd7 19.Nd4 Ne5 20.Nxe6 fxe6 21.Bc2 
Qb6+ 22.Kh1 Rxf1+ 23.Qxf1 Rf8 24.Qc1 Ng4 25.h3 Ne3 26.b4 Rf1+ 27.Qxf1 Nxf1
28.Rxf1 Qe3 29.Kh2 Qxc3 30.Bd1 Kg7 31.Rf3 Qd4 32.Bc2 Qd2 33.Bb3 d5 34.e5 
Qb2 35.Re3 Qxa3 36.Rf3 Qxb4 37.Rd3 Qe4 0-1

[Event "N4 Rodez-Blaye"]
[Site "Blaye"]
[Date "2006.12.01"]
[Round "4"]
[White "Forest, Eric"]
[Black "Devals, Nicolas"]
[Result "1-0"]
[WhiteElo "1870"]
[BlackElo "1730"]
[EventDate "2006.??.??"]
[PlyCount "157"]

1.c4 Nf6 2.Nc3 g6 3.d4 Bg7 4.e4 d6 5.f3 O-O 6.Bd3 Nbd7 7.Nge2 e5 8.d5 c6 
9.Be3 cxd5 10.cxd5 a6 11.Rc1 b5 12.b4 Nb6 13.Rc2 Bb7 14.O-O Rc8 15.a4 bxa4
16.Ra2 Nc4 17.Bxc4 Rxc4 18.Rxa4 Nd7 19.Qb3 Nb6 20.Kh1 Nxa4 21.Qxc4 Nb6 22.
Qb3 Bc8 23.b5 axb5 24.Qxb5 Nd7 25.Rb1 f5 26.Qc6 Qf6 27.Nb5 fxe4 28.fxe4 
Qh4 29.Nxd6 Nf6 30.Nxc8 Ng4 31.Qe6+ Kh8 32.Bg1 Nf2+ 33.Bxf2 Qxf2 34.Qa6 
Bh6 35.Ng3 Qc2 36.Qa1 Rxc8 37.Rb8 Bg7 38.Rxc8+ Qxc8 39.Qd1 Bf8 40.Qf3 Kg7 
41.h3 Qc1+ 42.Kh2 Bc5 43.Qf1 Qe3 44.h4 Qf2 45.Qxf2 Bxf2 46.Kh3 h5 47.Ne2 
Kf6 48.g4 hxg4+ 49.Kxg4 Be3 50.h5 gxh5+ 51.Kxh5 Bd2 52.Kg4 Bb4 53.Kf3 Bc5 
54.Nc3 Bb4 55.Nb5 Bc5 56.Ke2 Ke7 57.Nc7 Kd7 58.Ne6 Be7 59.Kf3 Kd6 60.Ke3 
Bh4 61.Ng7 Be1 62.Kd3 Bb4 63.Kc4 Ba3 64.Kb5 Kd7 65.Kb6 Bb4 66.Ne6 Ba3 67.
Nc5+ Kd6 68.Ne6 Kd7 69.Kb7 Bb4 70.Nc7 Ba3 71.Nb5 Bb4 72.d6 Bc5 73.Ka6 Bb4 
74.Kb6 Bd2 75.Kc5 Bh6 76.Kd5 Bg7 77.Na7 Bf8 78.Nb5 Bg7 79.Na3 1-0

[Event "N4 Rodez-Blaye"]
[Site "Blaye"]
[Date "2006.12.01"]
[Round "4"]
[White "Cuq, Christian"]
[Black "Santoul, Pascal"]
[Result "1-0"]
[WhiteElo "1690"]
[BlackElo "1460"]
[EventDate "2006.??.??"]
[PlyCount "47"]

1.c4 e5 2.Nc3 d6 3.g3 Nf6 4.Bg2 c6 5.d3 Be7 6.Nf3 h6 7.b4 a6 8.a3 Nbd7 9.
O-O O-O 10.Qc2 Nh7 11.Rd1 Ng5 12.d4 Nxf3+ 13.Bxf3 Qc7 14.Bg2 exd4 15.Rxd4 
Bf6 16.Rd1 Ne5 17.Rb1 Nxc4 18.Ne4 Be6 19.Nxf6+ gxf6 20.Bxh6 Nxa3 21.Qc3 
Kh7 22.Qxf6 Rg8 23.Be4+ Rg6 24.Qg7# 1-0

[Event "N4 Lardenne-Condom"]
[Site "Condom"]
[Date "2006.12.01"]
[Round "4"]
[White "Videau, Yannick"]
[Black "Baumann, Benjamin"]
[Result "0-1"]
[WhiteElo "1900"]
[BlackElo "2007"]
[EventDate "2006.??.??"]
[PlyCount "55"]

1.e4 d5 2.exd5 Nf6 3.Nf3 Qxd5 4.Nc3 Qh5 5.Be2 Bg4 6.O-O Nc6 7.h3 O-O-O 8.
d3 e5 9.Nh2 Bxe2 10.Qxe2 Nd4 11.Qxh5 Nxh5 12.Be3 Nxc2 13.Rac1 Nxe3 14.fxe3
Bc5 15.d4 exd4 16.Nb5 Bb6 17.Nxd4 Rxd4 18.exd4 Bxd4+ 19.Rf2 Ng3 20.Nf3 Bb6
21.Re1 f5 22.Nd2 Ne4 23.Nxe4 fxe4 24.Rxe4 Rf8 25.Re2 Rxf2 26.Rxf2 Kd7 27.
Kf1 Bxf2 28.Kxf2 0-1

[Event "N4 Lardenne-Condom"]
[Site "Condom"]
[Date "2006.12.01"]
[Round "4"]
[White "Reynes, Philippe"]
[Black "Thet, Sylvain"]
[Result "1/2-1/2"]
[WhiteElo "1810"]
[BlackElo "1950"]
[EventDate "2006.??.??"]
[PlyCount "65"]

1.e4 c5 2.Nc3 Nc6 3.Bc4 e6 4.d3 g6 5.Nge2 Bg7 6.O-O Nge7 7.Be3 d5 8.exd5 
exd5 9.Nxd5 Nxd5 10.Bxc5 Nde7 11.Nc3 O-O 12.Re1 Bd4 13.Ba3 a6 14.Qe2 Bxc3 
15.bxc3 Re8 16.Rab1 b5 17.Bb3 Bb7 18.Bxf7+ Kxf7 19.Qe6+ Kg7 20.c4 Nf5 21.
Bb2+ Nfd4 22.Qg4 Qd6 23.Re4 Rxe4 24.Qxe4 Kg8 25.Bxd4 Qxd4 26.Qe6+ Kf8 27.
cxb5 Re8 28.Qh3 Qb4 29.Qf3+ Kg7 30.Qd1 Qd6 31.bxc6 Qxc6 32.f3 Ba8 33.Qd2 
1/2-1/2

[Event "N4 Lardenne-Condom"]
[Site "Condom"]
[Date "2006.12.01"]
[Round "4"]
[White "Jacob, Claude"]
[Black "Strub, Bruno"]
[Result "1-0"]
[WhiteElo "1660"]
[BlackElo "1499"]
[EventDate "2006.??.??"]
[PlyCount "107"]

1.e4 e5 2.f4 exf4 3.Nf3 Nc6 4.Bc4 Bc5 5.d4 Bxd4 6.Nxd4 Qh4+ 7.Kf1 d6 8.Nf3
Bg4 9.Bb5 Bxf3 10.Bxc6+ bxc6 11.Qxf3 Ne7 12.Bxf4 Ng6 13.Bg3 Qf6 14.Qxf6 
gxf6 15.Ke2 O-O 16.Re1 Rfe8 17.Kf1 Rab8 18.b3 h5 19.Nd2 h4 20.Bf2 Kg7 21.
Nf3 Rh8 22.h3 c5 23.Rad1 a5 24.Nd2 Ne7 25.Nc4 Nc6 26.Ne3 Ne7 27.Nf5+ Nxf5 
28.exf5 Rb4 29.c4 a4 30.Re3 axb3 31.axb3 Rbb8 32.Rdd3 Rbd8 33.Re4 Rh5 34.
Rg4+ Kf8 35.Rxh4 Rxf5 36.Re3 Re5 37.Rh8+ Ke7 38.Rxd8 Kxd8 39.Rxe5 fxe5 40.
g4 Ke8 41.Ke2 f6 42.Ke3 Kf7 43.Ke4 Ke6 44.h4 c6 45.Be3 d5+ 46.cxd5+ cxd5+ 
47.Kd3 e4+ 48.Kc3 d4+ 49.Bxd4 cxd4+ 50.Kxd4 f5 51.gxf5+ Kxf5 52.Ke3 Kg4 
53.b4 Kxh4 54.b5 1-0

[Event "N4 Lardenne-Condom"]
[Site "Condom"]
[Date "2006.12.01"]
[Round "4"]
[White "Druet, Alain"]
[Black "Aspinall, John"]
[Result "0-1"]
[WhiteElo "1499"]
[BlackElo "1900"]
[EventDate "2006.??.??"]
[PlyCount "94"]

1.e4 d6 2.Nf3 Bg4 3.Be2 Nf6 4.Nc3 e5 5.d3 Nbd7 6.Nh4 Bxe2 7.Nxe2 Nxe4 8.
dxe4 Qxh4 9.Nc3 c6 10.g3 Qh3 11.Qf3 Qe6 12.Be3 Nf6 13.h3 Be7 14.O-O-O b5 
15.b3 a5 16.a4 b4 17.Nb1 O-O 18.Nd2 d5 19.Qg2 Rfc8 20.Bg5 Rd8 21.Bxf6 Bxf6
22.f3 Rac8 23.Qe2 Bg5 24.h4 Bxd2+ 25.Rxd2 d4 26.g4 c5 27.Qc4 Qf6 28.Rd3 
Qe6 29.g5 Qxc4 30.bxc4 Rb8 31.Rf1 Rb6 32.f4 exf4 33.Rxf4 Re8 34.Rf5 Rc6 
35.e5 Rce6 36.h5 Rxe5 37.Rxe5 Rxe5 38.g6 hxg6 39.hxg6 f6 40.Kd2 Rg5 41.Rf3
Rxg6 42.Kd3 Rg5 43.Ke4 Re5+ 44.Kf4 Kf7 45.Rd3 g5+ 46.Kg4 Re4+ 47.Kf5 Rf4# 
0-1

[Event "N4 Lardenne-Condom"]
[Site "Condom"]
[Date "2006.12.01"]
[Round "4"]
[White "Crespin, Philippe"]
[Black "Berthelot, Nathan"]
[Result "1/2-1/2"]
[WhiteElo "1499"]
[BlackElo "1760"]
[EventDate "2006.??.??"]
[PlyCount "51"]

1.e4 d6 2.Nc3 Nf6 3.Nf3 g6 4.Bc4 Bg7 5.O-O O-O 6.d4 Nxe4 7.Re1 Nxc3 8.bxc3
Bg4 9.Bg5 Nc6 10.Bd5 Re8 11.h3 Bxf3 12.Qxf3 Bf6 13.Bxf6 exf6 14.Rxe8+ Qxe8
15.Qxf6 Qd7 16.Re1 Re8 17.Rxe8+ Qxe8 18.Bxf7+ Qxf7 19.Qg5 Qxa2 20.Qd2 a5 
21.d5 Ne5 22.f4 Nc4 23.Qe2 Kf8 24.Qe6 Qb1+ 25.Kh2 Qf1 26.Qf6+ 1/2-1/2

[Event "N4 Lardenne-Condom"]
[Site "Condom"]
[Date "2006.12.01"]
[Round "4"]
[White "Calatrava, Julian"]
[Black "Parpinel, Mario"]
[Result "0-1"]
[WhiteElo "1910"]
[BlackElo "1800"]
[EventDate "2006.??.??"]
[PlyCount "67"]

1.e4 e5 2.Nf3 Nc6 3.Bb5 a6 4.Ba4 Nf6 5.O-O Be7 6.Re1 b5 7.Bb3 O-O 8.c3 d5 
9.exd5 Nxd5 10.d4 exd4 11.Nxd4 Nxd4 12.Qxd4 Bb7 13.Nd2 Bf6 14.Qg4 Bc8 15.
Qf3 Be6 16.Ne4 Be7 17.Rd1 c6 18.c4 bxc4 19.Bxc4 Qc8 20.Qg3 Nf6 21.Bd3 Nh5 
22.Qe3 Re8 23.Bd2 Bg4 24.f3 Be6 25.Bc3 Bd5 26.Ng5 g6 27.g4 Bd6 28.Qf2 Nf4 
29.Qh4 h5 30.Nxf7 Bc5+ 31.Kf1 Bxf3 32.Nh6+ Kh7 33.Bxg6+ Nxg6 34.Rd2 0-1

[Event "N4 Lardenne-Condom"]
[Site "Condom"]
[Date "2006.12.01"]
[Round "4"]
[White "Beaurain, Louis"]
[Black "Muratet, Lucas"]
[Result "0-1"]
[WhiteElo "2000"]
[BlackElo "1830"]
[EventDate "2006.??.??"]
[PlyCount "84"]

1.d4 Nf6 2.Nf3 e6 3.Bf4 d6 4.e3 Nbd7 5.Be2 g6 6.h3 Bg7 7.c3 b6 8.O-O O-O 
9.Nbd2 Bb7 10.Qc2 Qe7 11.Rad1 e5 12.dxe5 dxe5 13.Bh2 e4 14.Nd4 c5 15.Nb5 
Ne5 16.Nc4 Nf3+ 17.Kh1 Nxh2 18.Kxh2 Nd5 19.Nd2 f5 20.Bc4 Kh8 21.Bxd5 Bxd5 
22.c4 Bb7 23.Nb3 g5 24.g3 f4 25.Nc3 Qe6 26.Nd2 Bc8 27.g4 h5 28.Qxe4 Qd6 
29.Nf3 Qh6 30.Ne5 hxg4 31.Ng6+ Kg8 32.Nxf8 g3+ 33.Kg1 Qxh3 34.Qh7+ Qxh7 
35.Nxh7 Kxh7 36.Ne4 Bb7 37.Nxg5+ Kg6 38.exf4 g2 39.Rfe1 Rh8 40.Rd6+ Kf5 
41.f3 Kxf4 42.Ne6+ Kg3 0-1

[Event "N4 Castel/Moissac-CEIT2"]
[Site "Castel/Moissac"]
[Date "2006.12.01"]
[Round "4"]
[White "Lacroix, Romain"]
[Black "Hutin, Christophe"]
[Result "0-1"]
[WhiteElo "2068"]
[BlackElo "2138"]
[EventDate "2006.??.??"]
[PlyCount "92"]

1.e4 d5 2.exd5 Nf6 3.d4 Bg4 4.Nf3 Nxd5 5.Be2 e6 6.c4 Nb6 7.O-O Be7 8.Nc3 
O-O 9.Ne4 Nc6 10.Nc5 Rb8 11.Nb3 Bf6 12.Be3 Qe7 13.h3 Bxf3 14.gxf3 Rfd8 15.
Qd3 Bxd4 16.Nxd4 Nxd4 17.Bxd4 e5 18.Qe3 Rxd4 19.Rac1 Rbd8 20.Kh2 Nd7 21.
Rg1 Nf8 22.Rg4 c5 23.Rxd4 cxd4 24.Qe4 Ng6 25.Bd3 Qh4 26.Qxh4 Nxh4 27.Kg3 
Ng6 28.c5 Nf4 29.Bf1 Kf8 30.h4 Ke7 31.c6 bxc6 32.Rxc6 Rd6 33.Rc7+ Rd7 34.
Rc6 d3 35.Rc1 Ne2+ 36.Bxe2 dxe2 37.Re1 Rd2 38.b3 Rxa2 39.f4 exf4+ 40.Kxf4 
Kd6 41.Ke3 Kc5 42.Rc1+ Kb4 43.Rb1 Kc3 44.f4 a5 45.Rc1+ Kxb3 46.Kd3 Rb2 0-1

[Event "N4 Castel/Moissac- CEIT2"]
[Site "Castel/Moissac"]
[Date "2006.12.01"]
[Round "4"]
[White "Vainguier, Guillaume"]
[Black "Dhorne, Sebastien"]
[Result "0-1"]
[WhiteElo "1770"]
[BlackElo "2100"]
[EventDate "2006.??.??"]
[PlyCount "122"]

1.d4 Nf6 2.c4 e6 3.Nc3 d5 4.Nf3 c6 5.Bg5 Nbd7 6.e3 Bb4 7.Nd2 Qa5 8.Qc2 O-O
9.a3 Bxc3 10.Qxc3 Qxc3 11.bxc3 dxc4 12.Bxc4 Nd5 13.Rc1 e5 14.e4 N5b6 15.
Bb3 Re8 16.O-O Nf8 17.d5 cxd5 18.exd5 Bf5 19.Nc4 Nxc4 20.Bxc4 Nd7 21.Bb5 
Rac8 22.c4 f6 23.Be3 a6 24.Bxd7 Bxd7 25.Bb6 Kf7 26.Rc3 Ke7 27.c5 Ba4 28.f4
Kd7 29.Rf2 exf4 30.Rxf4 Bb5 31.a4 Re1+ 32.Kf2 Rf1+ 33.Kg3 Rxf4 34.Kxf4 
Bxa4 35.h4 Re8 36.g4 Re1 37.h5 Rf1+ 38.Kg3 Rd1 39.d6 Re1 40.Kf2 Re4 41.Kf3
Bc6 42.Kg3 Ke6 43.Rd3 Bd7 44.Kf3 Ke5 45.Kf2 Rf4+ 46.Ke1 Rxg4 47.Kd2 f5 48.
Re3+ Re4 49.Rg3 Kf6 50.Rf3 f4 51.Rf2 Bb5 52.Kc3 Ke6 53.Rg2 Kf7 54.Rf2 Bc6 
55.Rd2 Ke6 56.Rf2 Re3+ 57.Kd4 Kf5 58.Rd2 Ra3 59.Kc4 Bd7 60.Rd5+ Ke4 61.Rg5
Rg3 0-1

[Event "N4 Castel/Moissac- CEIT2"]
[Site "Castel/Moissac"]
[Date "2006.12.01"]
[Round "4"]
[White "Riviere, Frederic"]
[Black "Tesan, Michael"]
[Result "0-1"]
[WhiteElo "1860"]
[BlackElo "2070"]
[EventDate "2006.??.??"]
[PlyCount "56"]

1.e4 c5 2.Nf3 Nc6 3.d4 cxd4 4.Nxd4 Qc7 5.Nc3 e6 6.Be3 a6 7.a3 Nf6 8.Be2 b5
9.Qd2 Bb7 10.O-O Ne5 11.Bf4 d6 12.Rfe1 Be7 13.Rad1 O-O 14.Qe3 Rfd8 15.Qh3 
Nxe4 16.Nxe4 Bxe4 17.Bh5 Bg6 18.Bxe5 dxe5 19.Bxg6 hxg6 20.Qg3 Qd6 21.Rxe5 
Bf6 22.Re4 e5 $2 23.f3 exd4 $2 24.Re8+ Rxe8 25.Qxd6 Re6 26.Qb4 Rd8 27.Rd2 
Bg5 28.Rxd4 Be3+ 0-1

[Event "N4 Castel/Moissac- CEIT2"]
[Site "Castel/Moissac"]
[Date "2006.12.01"]
[Round "4"]
[White "Grill, Marc"]
[Black "Dirat, Sylvain"]
[Result "1-0"]
[WhiteElo "2146"]
[BlackElo "1790"]
[EventDate "2006.??.??"]
[PlyCount "41"]

1.e4 e5 2.Nf3 Nc6 3.Nc3 Nf6 4.d4 exd4 5.Nd5 Bb4+ 6.Bd2 Bxd2+ 7.Qxd2 Nxe4 
8.Qf4 O-O 9.Bd3 g5 10.Qxe4 f5 11.Qe2 Nb4 12.Bc4 Nxd5 13.Bxd5+ Kg7 14.Qe5+ 
Qf6 15.Qxf6+ Kxf6 16.O-O-O c5 17.Rde1 d6 18.h4 g4 19.Ng5 Kg6 20.Re7 h6 21.
Nh7 1-0

[Event "N4 Castel/Moissac- CEIT2"]
[Site "Castel/Moissac"]
[Date "2006.12.01"]
[Round "4"]
[White "Fayette, Sylvain"]
[Black "Catala, Laurent"]
[Result "1-0"]
[WhiteElo "2027"]
[BlackElo "1860"]
[EventDate "2006.??.??"]
[PlyCount "101"]

1.e4 e5 2.Nc3 Nc6 3.Bc4 Bc5 4.Qg4 g6 5.Qf3 Nf6 6.Nge2 O-O 7.d3 Na5 8.Bg5 
Be7 9.h4 Nxc4 10.dxc4 d6 11.Bxf6 Bxf6 12.h5 c6 13.g4 Bg5 14.Qh3 h6 15.Rd1 
Be6 16.b3 Qd7 17.f3 Kg7 18.Ng3 Qc7 19.O-O Rad8 20.Qg2 Qa5 21.Rd3 Qc5+ 22.
Kh1 d5 23.cxd5 cxd5 24.exd5 Bxd5 25.Nge4 Bxe4 26.Nxe4 Qe7 27.Nxg5 Rxd3 28.
Ne6+ Qxe6 29.cxd3 Qd5 30.Qe2 Rd8 31.hxg6 fxg6 32.Re1 Kf6 33.Kg2 Qd4 34.f4 
Qd5+ 35.Kh2 Re8 36.Qf2 e4 37.Qe3 Qd7 38.f5 Qd6+ 39.Kg2 Rg8 40.dxe4 Kf7 41.
Qxh6 Qb4 42.fxg6+ Ke8 43.Re2 Qd6 44.Rf2 Qe6 45.Qf4 Rxg6 46.Qf8+ Kd7 47.
Qf7+ Qxf7 48.Rxf7+ Ke6 49.Rxb7 Rxg4+ 50.Kf3 Rh4 51.Rxa7 1-0

[Event "N4 Castel/Moissac- CEIT2"]
[Site "Castel/Moissac"]
[Date "2006.12.01"]
[Round "4"]
[White "Cebollero, Daniel"]
[Black "Le Fournier, Bastien"]
[Result "0-1"]
[WhiteElo "1630"]
[BlackElo "1895"]
[EventDate "2006.??.??"]
[PlyCount "66"]

1.d4 d5 2.c4 e6 3.Nc3 f5 4.Bf4 Nf6 5.Nf3 c6 6.e3 Be7 7.Be2 Bd7 8.O-O O-O 
9.a3 Ne4 10.Nxe4 fxe4 11.Ne5 Be8 12.f3 exf3 13.Bxf3 Nd7 14.Bg4 Nxe5 15.
Bxe5 Bf7 16.c5 Qd7 17.Qf3 Bg6 18.Qg3 Bf6 19.Bxf6 Rxf6 20.Rxf6 gxf6 21.Rf1 
Qe7 22.h4 Kf7 23.h5 Be4 24.Rf2 Rg8 25.Qh3 f5 26.Bf3 Qg5 27.Bxe4 dxe4 28.
Qh2 Qg3 29.Qxg3 Rxg3 30.Re2 Rg5 31.Kf2 Rxh5 32.Kg3 Rg5+ 33.Kf4 $4 Kf6 0-1

[Event "N4 Castel/Moissac- CEIT2"]
[Site "Castel/Moissac"]
[Date "2006.12.01"]
[Round "4"]
[White "Brauckmann, Hartwich"]
[Black "Roques, Olivier"]
[Result "0-1"]
[WhiteElo "1750"]
[BlackElo "1400"]
[EventDate "2006.??.??"]
[PlyCount "102"]

1.d4 f5 2.c4 Nf6 3.Nc3 e6 4.g3 c6 5.Bg2 d5 6.e3 Bd6 7.b3 Bd7 8.Nf3 O-O 9.
O-O Be8 10.Bd2 Bf7 11.c5 Bc7 12.b4 a6 13.a4 Nbd7 14.b5 Qe7 15.Qb3 Rfb8 16.
Qc2 h6 17.Rfb1 Bg6 18.Na2 a5 19.Qd1 Bh5 20.b6 Bd8 21.Qe1 Ra6 22.Bxa5 Rba8 
23.Bb4 Rxa4 24.Nc3 Rxa1 25.Rxa1 Rxa1 26.Qxa1 Nf8 27.Ne5 Ng4 28.Nxg4 Bxg4 
29.Qa7 Ng6 30.f3 Bh5 31.Ne2 e5 32.Kf2 e4 33.Qb8 Nf8 34.Be1 Ne6 35.Nf4 Nxf4
36.Qxf4 Qd7 $2 37.Bh3 Bg6 38.fxe4 dxe4 39.Qxe4 Qf7 40.Qf4 Qa2+ 41.Kg1 Qe2 
42.Bf2 Qh5 43.Bf1 Kh7 44.Qb8 Bh4 45.Qxb7 Qf3 46.Qc7 Bg5 47.Qe5 f4 48.b7 
Be4 49.Qxe4+ Qxe4 50.b8=Q fxe3 51.Qe5 exf2+ 0-1

[Event "N4 Cahors-Colomiers"]
[Site "Colomiers"]
[Date "2006.12.01"]
[Round "4.8"]
[White "Blesing, Alicia"]
[Black "Montreuille, Pierre"]
[Result "1-0"]
[WhiteElo "1710"]
[BlackElo "1540"]
[EventDate "2006.??.??"]
[PlyCount "69"]

1.e4 c5 2.Nf3 d6 3.d4 cxd4 4.Nxd4 Nf6 5.Nc3 a6 6.Bd3 g6 7.O-O Bg7 8.Nb3 
O-O 9.Qe2 h6 10.h3 Nc6 11.Be3 Nd7 12.Qd2 Kh7 13.f4 e6 14.f5 exf5 15.exf5 
Nde5 16.fxg6+ fxg6 17.Rxf8 Qxf8 18.Rf1 Qe7 19.Nd5 Qh4 20.Rf4 Qd8 21.Qf2 
Nxd3 22.cxd3 Ne5 23.Qf1 Be6 24.Nf6+ Bxf6 25.Rxf6 Qe7 26.Qf4 g5 27.Qe4+ Kg7
28.Rxe6 Qxe6 29.Qxb7+ Nf7 30.Bd4+ Kg6 31.Qxa8 d5 32.Qg8+ Kh5 33.Bf2 g4 34.
hxg4+ Qxg4 35.Qxf7+ 1-0

[Event "N4 Cahors-Colomiers"]
[Site "Colomiers"]
[Date "2006.12.01"]
[Round "4.7"]
[White "Houmeau, Dominique"]
[Black "Blesing, Rene"]
[Result "1/2-1/2"]
[WhiteElo "1550"]
[BlackElo "1750"]
[EventDate "2006.??.??"]
[PlyCount "80"]

1.e4 Nf6 2.Nc3 d5 3.exd5 Nxd5 4.Nxd5 Qxd5 5.Nf3 Nc6 6.Be2 e5 7.d3 Be7 8.c4
Qa5+ 9.Bd2 Bb4 10.O-O Bxd2 11.Nxd2 Be6 12.Nb3 Qb4 13.a3 Qe7 14.Bf3 Rd8 15.
Qe2 Bf5 16.Rad1 O-O 17.Rfe1 Rfe8 18.Qe3 e4 19.dxe4 Rxd1 20.Rxd1 Bxe4 21.
Re1 Bxf3 22.Qxe7 Rxe7 23.Rxe7 Nxe7 24.gxf3 Nc6 25.Nd2 Ne5 26.Kf1 Kf8 27.
Ke2 Ke7 28.Ke3 g5 29.h3 Ke6 30.b3 f5 31.f4 gxf4+ 32.Kxf4 h6 33.Ke3 c5 34.
f4 Nc6 35.Nf3 Na5 36.Nd2 Nc6 37.Nf3 a6 38.Kd3 Kf6 39.Ke3 a5 40.Kd3 Ke6 
1/2-1/2

[Event "N4 Cahors-Colomiers"]
[Site "Colomiers"]
[Date "2006.12.01"]
[Round "4.6"]
[White "Artis, Francois"]
[Black "Delmas, Jean"]
[Result "1-0"]
[WhiteElo "1770"]
[BlackElo "1580"]
[EventDate "2006.??.??"]
[PlyCount "79"]

1.e4 e5 2.Nc3 Nf6 3.f4 d5 4.fxe5 Nxe4 5.Nf3 Nxc3 6.bxc3 Be7 7.d4 Be6 8.Rb1
b6 9.Be2 a6 10.O-O Nd7 11.Ne1 Nf8 12.Nd3 c5 13.Be3 c4 14.Nf4 Bg5 15.g3 b5 
16.Bd2 Bxf4 17.Rxf4 Ng6 18.Rf2 O-O 19.h4 Ra7 20.h5 Nh8 21.h6 f5 22.exf6 
gxf6 23.Bh5 Ng6 24.Qf1 Kh8 25.Re1 Bc8 26.Re3 Re7 27.Ref3 Qd6 28.Bxg6 hxg6 
29.Bf4 Qd8 30.Bg5 Bf5 31.Bxf6+ Rxf6 32.g4 Ref7 33.gxf5 g5 34.Rh2 Qf8 35.
Rhf2 Kh7 36.Re3 Rxf5 37.Rxf5 Rxf5 38.Qh3 Rf6 39.Qd7+ Kh8 40.Re8 1-0

[Event "N4 Cahors-Colomiers"]
[Site "Colomiers"]
[Date "2006.12.01"]
[Round "4.5"]
[White "Rouqual, Guy"]
[Black "Alladaye, Rene"]
[Result "1-0"]
[WhiteElo "1660"]
[BlackElo "1800"]
[EventDate "2006.??.??"]
[PlyCount "82"]

1.d4 Nf6 2.Nf3 g6 3.Bf4 Bg7 4.Nbd2 d6 5.e4 O-O 6.Bc4 c6 7.e5 dxe5 8.Bxe5 
Nbd7 9.c3 Nxe5 10.Nxe5 Nd7 11.f4 Nxe5 12.fxe5 b5 13.Bb3 Qb6 14.Ne4 a5 15.
a3 Bb7 16.Nc5 Rad8 17.Qe2 Bc8 18.O-O e6 19.Rae1 Qa7 20.Qg4 Qe7 21.Rf3 Bd7 
22.h4 h5 23.Qg3 a4 24.Bc2 Be8 25.Ref1 Ra8 26.Ne4 Ra7 27.Nf6+ Kh8 28.Qg5 c5
29.g4 Bc6 30.Rf4 cxd4 31.cxd4 Rc8 32.gxh5 Qf8 33.hxg6 Bh6 34.Qh5 Kg7 35.
gxf7 Qxf7 36.Rg4+ Kf8 37.Qxh6+ Ke7 38.Nd5+ Kd8 39.Rxf7 Rxf7 40.Rg8+ Kd7 
41.Rxc8 Kxc8 1-0

[Event "N4 Cahors-Colomiers"]
[Site "Colomiers"]
[Date "2006.12.01"]
[Round "4.4"]
[White "Avdagic, Hilmija"]
[Black "Nouvel, Denis"]
[Result "1-0"]
[WhiteElo "1880"]
[BlackElo "1680"]
[EventDate "2006.??.??"]
[PlyCount "53"]

1.d4 d5 2.Nf3 Nf6 3.Bg5 e6 4.e3 Nbd7 5.c4 b6 6.Nc3 Bb7 7.cxd5 exd5 8.Bb5 
c6 9.Bd3 g6 10.Qc2 Bg7 11.h4 Nf8 12.h5 Qe7 13.hxg6 fxg6 14.Ne5 O-O-O 15.
Qa4 Kb8 16.Nxc6+ Bxc6 17.Qxc6 Ne6 18.Bh4 Nf4 19.Bg3 g5 20.O-O-O Rc8 21.Qb5
Ne4 22.Bxe4 Qxe4 23.Kd2 Qxg2 24.exf4 gxf4 25.Bxf4+ Ka8 26.Be3 Qf3 27.Qxd5+
1-0

[Event "N4 Cahors-Colomiers"]
[Site "Colomiers"]
[Date "2006.12.01"]
[Round "4.3"]
[White "Daval, Christophe"]
[Black "Moiseyev, Vlas"]
[Result "0-1"]
[WhiteElo "1760"]
[BlackElo "1840"]
[EventDate "2006.??.??"]
[PlyCount "100"]

1.e4 c5 2.Nf3 Nc6 3.d4 cxd4 4.Nxd4 e6 5.Nc3 Nf6 6.Nxc6 bxc6 7.Bd3 Be7 8.
O-O O-O 9.e5 Nd5 10.Nxd5 exd5 11.Qh5 g6 12.Qh6 Re8 13.Qe3 Bf6 14.f4 d6 15.
Re1 dxe5 16.fxe5 Bxe5 17.Qf2 Bd7 18.c3 Qc7 19.g3 Rab8 20.Bh6 Qb6 21.Rab1 
Qxf2+ 22.Kxf2 a5 23.Bd2 Bc7 24.Rxe8+ Rxe8 25.Re1 Bb6+ 26.Kg2 Rxe1 27.Bxe1 
f5 28.Bf2 Bxf2 29.Kxf2 c5 30.Ke3 Kf7 31.h4 Kf6 32.Kf4 h6 33.a3 c4 34.Be2 
g5+ 35.hxg5+ hxg5+ 36.Ke3 Ke5 37.Bf3 f4+ 38.gxf4+ gxf4+ 39.Kd2 Bf5 40.Ke2 
d4 41.Kd2 Be4 42.Be2 d3 43.Bf1 Kd5 44.Bh3 Kc5 45.Bg4 Bg2 46.Ke1 f3 47.Bh5 
Kd5 48.Bf7+ Ke4 49.Bxc4 Ke3 50.Bxd3 f2+ 0-1

[Event "N4 Cahors-Colomiers"]
[Site "Colomiers"]
[Date "2006.12.01"]
[Round "4.2"]
[White "Durbize, Patrick"]
[Black "Nivat, Alain"]
[Result "0-1"]
[WhiteElo "1960"]
[BlackElo "1886"]
[EventDate "2006.??.??"]
[PlyCount "48"]

1.e4 e5 2.Nf3 Nc6 3.Bc4 Nf6 4.Ng5 d5 5.exd5 Na5 6.Bb5+ c6 7.dxc6 bxc6 8.
Qf3 Rb8 9.Bd3 Be7 10.Ne4 Nxe4 11.Bxe4 O-O 12.Qd1 f5 13.Bd3 e4 14.Be2 Bd6 
15.d3 e3 16.Bxe3 f4 17.Bxa7 Rb7 18.Bd4 c5 19.Bc3 Qg5 20.O-O Bh3 21.Bf3 
Bxg2 22.Bg4 f3 23.Be6+ Kh8 24.Bd2 Bxh2+ 0-1